Μονή Μουνδών της Χίου : τοιχογραφίες
Αποθηκεύτηκε σε:
| Κύριος συγγραφέας: | |
|---|---|
| Μορφή: | Βιβλίο |
| Γλώσσα: | Greek |
| Δημοσίευση: |
Αθήνα :
Λονδίνειος Επιτροπή : Σχολικό Ταμείο Χίου,
1985.
|
| Θέματα: | |
| Ετικέτες: |
Προσθήκη ετικέτας
Δεν υπάρχουν, Καταχωρήστε ετικέτα πρώτοι!
|
MARC
| LEADER | 00000cam a2200000 i 4500 | ||
|---|---|---|---|
| 001 | 1/54145 | ||
| 008 | 960508s1985 gre d | ||
| 035 | |l 10027637 | ||
| 040 | |a GR-MY-UA |b gre |e aacr | ||
| 041 | 0 | |a gre | |
| 082 | 0 | |a 726.709499 | |
| 100 | 1 | |a Αξιωτάκης, Ανδρέας Στ. | |
| 245 | 1 | 0 | |a Μονή Μουνδών της Χίου : |b τοιχογραφίες / |c Ανδρέας Στυλ. Αξιωτάκης. |
| 260 | |a Αθήνα : |b Λονδίνειος Επιτροπή : |b Σχολικό Ταμείο Χίου, |c 1985. | ||
| 300 | |a 262 σ. : |b εικ. | ||
| 650 | 0 | |a Church buildings |z Greece |z Chios (Municipality) | |
| 500 | |a Περιλαμβάνει βιβλιογραφία,εικονογράφηση,ευρετήριο | ||
| 852 | |a INST |b CHIOS |e 19960508 |h 726.709499 ΑΞΙ |p 005200000205 |q 005200000205 |t BK |y 0 |z τ.1 | ||
| 852 | |a INST |b CHIOS |e 19960508 |h 726.709499 ΑΞΙ |p 005200000205 |q 005200000205 |t BK |v τ.1: |y 0 |z τ.1 | ||
| 853 | |a INST |b CHIOS |h 726.709499 ΑΞΙ | ||
| 909 | |a Χ |b 010177 | ||